01555nam a22002537a 4500003000400000005001700004008004100021040002200062082001400084100002600098245006100124260006400185300002100249490000900270505034400279505019900623505013900822505004200961505009001003650004101093650004401134650004501178650007801223OSt20230823142931.0221006b |||||||| |||| 00| 0 eng d cBiblioteca Lado V a700bJ88r aJoya, Olgaedirectora aRevista Arte & Cultura/ bCentro de Arte y Cultura UNAH/ c2014bUniversidad Nacional Autónoma de HondurasaHonduras c21.5x30cma130p. a1vI tHISTORIA, IDENTIDAD Y MEMORIA | PATRIMONIO CULTURAL | ARTE, CULTURA Y SOCIEDADaMODERNIZACIÓN, ESPACIO PÚBLICO Y NACIONALISMO EN COMAYAGÜELA COMAYAGÜELA ARTURO LÓPEZ RODEZNO LA CALLE REAL Y LA FERIA DE LA INMACULADA CONCEPCION EN COMAYAGÜELA LOS MERCADOS DE COMAYAGÜELA ARTESANIAS, ARTE Y DISEÑO DE DIOS A GOLOSINA... tHISTORIA, IDENTIDAD Y MEMORIAaRAÚL AGÜERO VEGA: RESCATANDO LA MEMORIA VISUAL DEL SIGLO XX LOS NUEVOS PARADIGMAS DEL ARTE AUDIOVISUAL MERCADOS Y CULTURA POPULAR ESCUELA DE ARTES Y OFICIOS tPATRIMONIO CULTURALaEL MUNICIPIO REPUBLICANO EN HONDURAS, EL CASO DE COMAYAGÜELA COMAYAGÜELA EN LOS TIEMPOS DE LA ORQUESTA VERDI tActualidad del Teatro Centroamericano tLa formación de artistas profesionales en la universidad de San Carlos de Guatemala 2Tesauro de Arte & ArquitecturaaARTE 2Tesauro de Arte & ArquitecturaaCULTURA 2Tesauro de Arte & ArquitecturaaSOCIEDAD 2Tesauro de Arte & ArquitecturaaUNIVERSIDAD NACIONAL AUTONOMA DE HONDURAS